00900cam a22002417a 4500003000500000005001700005008004100022010001000063011001000073035001000083040000900093082001600102100002100118245004800139260005000187300001500237490004100252500025900293650001600552650003300568650001600601830004100617CHAP20220329135211.0971013s1978 r 00010 d a32512 a33484 a37599 cCHAP a595.774bM300aMathis, Wayne N. 0aStudies of Ephydrinae (Diptera: Ephydridae) aWashington :bSmithsonian Institution,c1978- av.b: ilus 0aSmithsonian contributions to zoology aLa biblioteca tiene: v.1 Revision of Parascotella Cresson -- v.2 Phylogeny, classification and zoogeography of neartic Lamproscatella -- v.3 Revisions of some neotropical genera and species -- v.4 Revision of the Australian Species of Subgenus Neoscatell14aDípteros.14aEntomología sistemática.14aEphydridae.0 aSmithsonian contributions to zoology